Kabale University Library Catalogue

Oxford Primary English : (Record no. 5829)

MARC details
000 -LEADER
fixed length control field 00607nam a22002057a 4500
003 - CONTROL NUMBER IDENTIFIER
control field OSt
005 - DATE AND TIME OF LATEST TRANSACTION
control field 20251111083256.0
008 - FIXED-LENGTH DATA ELEMENTS--GENERAL INFORMATION
fixed length control field 251111b |||||||| |||| 00| 0 eng d
020 ## - INTERNATIONAL STANDARD BOOK NUMBER
International Standard Book Number 0194337782
040 ## - CATALOGING SOURCE
Original cataloging agency KABLIB
Language of cataloging eng
Transcribing agency KABLIB
082 ## - DEWEY DECIMAL CLASSIFICATION NUMBER
Edition number 23
Classification number 372.6
Item number BUG
100 ## - MAIN ENTRY--PERSONAL NAME
Personal name Bugembe J.B.B
Relator term author
9 (RLIN) 14716
245 ## - TITLE STATEMENT
Title Oxford Primary English :
Remainder of title Teacher's Book to acompany Oxford Primary English 5
Statement of responsibility, etc. J.B.B Bugembe
260 ## - PUBLICATION, DISTRIBUTION, ETC.
Place of publication, distribution, etc. Kampala :
Name of publisher, distributor, etc. Oxford University Press.
Date of publication, distribution, etc. 1997.
300 ## - PHYSICAL DESCRIPTION
Extent 62p.:
Dimensions 22cm
650 ## - SUBJECT ADDED ENTRY--TOPICAL TERM
Topical term or geographic name entry element Reading
9 (RLIN) 10529
650 ## - SUBJECT ADDED ENTRY--TOPICAL TERM
Topical term or geographic name entry element Writing
9 (RLIN) 14717
650 ## - SUBJECT ADDED ENTRY--TOPICAL TERM
Topical term or geographic name entry element oral work
9 (RLIN) 14718
942 ## - ADDED ENTRY ELEMENTS (KOHA)
Source of classification or shelving scheme Dewey Decimal Classification
Koha item type Book
Holdings
Withdrawn status Lost status Source of classification or shelving scheme Damaged status Not for loan Home library Current library Shelving location Date acquired Total Checkouts Full call number Barcode Date last seen Price effective from Koha item type
    Dewey Decimal Classification     Rukungiri Campus Rukungiri Campus Open Access Section 11.11.2025   372.6 BUG 0602RC 11.11.2025 11.11.2025 Book
    Dewey Decimal Classification     Rukungiri Campus Rukungiri Campus Open Access Section 11.11.2025   372.6 BUG 0593RC 11.11.2025 11.11.2025 Book
    Dewey Decimal Classification     Rukungiri Campus Rukungiri Campus Open Access Section 11.11.2025   372.6 BUG 0594RC 11.11.2025 11.11.2025 Book
    Dewey Decimal Classification     Rukungiri Campus Rukungiri Campus Open Access Section 11.11.2025   372.6 BUG 0595RC 11.11.2025 11.11.2025 Book
    Dewey Decimal Classification     Rukungiri Campus Rukungiri Campus Open Access Section 11.11.2025   372.6 BUG 0596RC 11.11.2025 11.11.2025 Book
    Dewey Decimal Classification     Rukungiri Campus Rukungiri Campus Open Access Section 11.11.2025   372.6 BUG 0597RC 11.11.2025 11.11.2025 Book
    Dewey Decimal Classification     Rukungiri Campus Rukungiri Campus Open Access Section 11.11.2025   372.6 BUG 0598RC 11.11.2025 11.11.2025 Book
    Dewey Decimal Classification     Rukungiri Campus Rukungiri Campus Open Access Section 11.11.2025   372.6 BUG 0599RC 11.11.2025 11.11.2025 Book
    Dewey Decimal Classification     Rukungiri Campus Rukungiri Campus Open Access Section 11.11.2025   372.6 BUG 0600RC 11.11.2025 11.11.2025 Book
    Dewey Decimal Classification     Rukungiri Campus Rukungiri Campus Open Access Section 11.11.2025   372.6 BUG 0601RC 11.11.2025 11.11.2025 Book
    Dewey Decimal Classification     Rukungiri Campus Rukungiri Campus Open Access Section 24.11.2025   372.6 BUG 0657RC 24.11.2025 24.11.2025 Book

Kabale University Library | Kabale University P.O Box 317, Kabale, Uganda
Tel : +256754017033, +256774661503 E-mail : library@kab.ac.ug